000 00556nam a2200193Ia 4500
005 20250923145111.0
008 008 250917s9999 xx 000 0 eng d
037 _aTextual
040 _aDSWL
_beng
_cDSWL
041 _aeng
_2eng
084 _aY:7:7p1,N52, N57;1
_qDSWL
245 0 _aReport on the world social situation
_cby United Nations
260 _aNew York
_b United Nations
_c1957
300 _aix,65 p.
365 _aUSD
_b2.5
925 _g2.5
942 _cTEXL
_hY:7:7p1,N52, N57;1
999 _c1447084
_d1447084